AS ROMA: avversarie europee - Statistics

Statistiche generali
  • Questo quiz è stato fatto 32 volte
  • Il punteggio medio è 22 su 41
Statistiche sulle risposte
Risposta % Corretto
Feyenoord
96%
Feyenoord
96%
Feyenoord
96%
Bodo-Glimt
88%
Bodo-Glimt
88%
Sevilla
88%
Bayer 04 Leverkusen
81%
Bayer 04 Leverkusen
81%
Porto
81%
LOSC Lille
77%
VfB Stuttgart
73%
Celtic
69%
Leicester City
69%
AC Milan
65%
Real Betis Balompié
65%
OGC Nice
62%
Rangers
62%
Real Sociedad
58%
Slavia Prague
58%
Athletic Club
46%
Athletic Club
46%
Eintracht Frankfurt
46%
Panathinaikos
46%
Red Bull Salzburg
46%
Tottenham Hotspurs
46%
Vitesse Arnehem
46%
Ludogorets Razgrad
42%
Viktoria Plzen
42%
Brighton & Hove Albion
38%
Dinamo Kyiv
38%
Servette
35%
Trabzonspor
35%
Union Saint-Gilloise
35%
CSKA Sofia
31%
HJK Helsinki
31%
Midtjylland
31%
AZ Alkmaar
27%
Elfsborg
23%
Sporting Braga
19%
Sheriff Tiraspol
15%
Zorya Luhansk
15%
Nessun quiz corrispondente trovato
Distribuzione punteggi
Percentuale di utenti per punteggio
Percentile per numero di risposta
I tuoi punteggi nel tempo
Non hai fatto questo quiz